[Event "IECC M email"]
[Site "IECC email"]
[Date "2001.03.25"]
[Round "?"]
[White "Young, Matthew"]
[Black "Manarin, Franco"]
[Result "0-1"]
[WhiteElo "1450"]
[BlackElo "1395"]
[PlyCount "38"]
[EventDate "2001.??.??"]
[EventType "tourn (corr)"]
[EventRounds "6"]
[SourceTitle "Corr 2008"]
[Source "ChessBase"]
[SourceDate "2008.06.24"]
[SourceVersion "1"]
[SourceVersionDate "2008.06.24"]
[SourceQuality "1"]

1. e4 Nc6 2. Nf3 f5 3. exf5 d5 4. Bb5 Bxf5 5. Ne5 Qd6 6. d4 Nf6 7. Nc3 Nd7 8. 0-0 Ndxe5 9. dxe5 Qxe5 10. Re1 Qd6 11. Nxd5 0-0-0 12. c4 Qg6 13. Bd2 Nd4 14. Nxe7+ Bxe7 15. Rxe7 Bh3 16. g3 Rhf8 17. Bf4 Rxf4 18. Be8 Rxe8 19. Rxe8+ Qxe8 0-1